000 00542nam a2200229Ia 4500
003 OSt
005 20220928141139.0
006 a|||||r|||| 00| 0
007 ta
008 220927b |||||||| |||| 00| 0 eng d
024 _a13858
037 _cTextual
040 _aSDCL
_cSDCL
_beng
041 _2eng
_aeng
082 _aD65,4, K5
100 _aRenton R N
_9499235
245 0 _aTelecommunication principles.
250 _a3
260 _c1965
942 _hD65,4, K5
_cTEXL
_2CC
999 _c816267
_d816267